000 00398nam a2200169 4500
005 20251208155442.0
008 cuc123
020 _a8185502854
050 _aHF1416 JEA
_b1
100 _aJEANNET,Jean-Pierre
245 _aGlobaol marketing strategies
250 _a4th
260 _aBoston
_bHoughton Mifflin Company
_c2001
300 _axxi,918p
500 _atables,diagrams
942 _2lcc
_cBK
_n0
999 _c8505
_d8505